Beginning scientific english; book 1 /
Guardado en:
| Autor Principal: | |
|---|---|
| Formato: | Libro |
| Publicado: |
Singapore :
Nelson,
1975
|
| Materias: | |
| Etiquetas: |
Agregar Etiqueta
Sin Etiquetas, Sea el primero en etiquetar este registro!
|
| LEADER | 00588nam a22002055a 4500 | ||
|---|---|---|---|
| 001 | CEM.cems016533 | ||
| 005 | 20100308155409.0 | ||
| 008 | 130507s1975##################000#0#####d | ||
| 003 | CEMS | ||
| 020 | |a 01755851219 | ||
| 082 | 0 | 4 | |a 428.64 |
| 100 | 1 | |a Royds-irmak, D E | |
| 245 | 1 | 0 | |a Beginning scientific english; book 1 / |c D E Royds Irmak, |
| 260 | |a Singapore : |b Nelson, |c 1975 | ||
| 300 | |a 146 p. | ||
| 653 | |a Biblioteca agricu | ||
| 653 | |a Ingles-lectura | ||
| 653 | |a Ingles-textos | ||
| 653 | |a Ingles-vocabulario | ||
| 859 | |a CEMS |b BIB. CEMS - Agricultura |h 428.64 |i R813 |p A17472.93 |t Ej.1 |v 1 |3 1 | ||
